[Event "Kimry-ch 60th"]
[Site "Kimry"]
[Date "2012.01.04"]
[Round "4"]
[White "Patsyk, Aleksandr"]
[Black "Protasov, Sergey"]
[Result "1-0"]
[WhiteElo "2170"]
[BlackElo "1582"]
[PlyCount "67"]
[EventDate "2012.01.02"]
[EventType "swiss"]
[EventRounds "9"]
[EventCountry "RUS"]
[SourceTitle "CBM 146 Extra"]
[Source "ChessBase"]
[SourceDate "2012.02.29"]
[SourceVersion "1"]
[SourceVersionDate "2012.02.29"]
[SourceQuality "1"]

1. Nf3 Nf6 2. g3 c5 3. Bg2 e6 4. 0-0 d6 5. d4 cxd4 6. Nxd4 Be7 7. c4 a6 8. Nc3 0-0 9. e4 Qc7 10. Qe2 Nbd7 11. b3 b6 12. e5 Nd5 13. cxd5 Qxc3 14. Bb2 Qc7 15. dxe6 Rb8 16. exd7 Bxd7 17. Rac1 Qd8 18. Nc6 Bxc6 19. Rxc6 Rc8 20. Rxc8 Qxc8 21. Rc1 Qe6 22. Rc6 Rd8 23. Rxb6 f6 24. Qd3 Kh8 25. exf6 Bxf6 26. Bxf6 Qxf6 27. Rxa6 Rf8 28. Qd2 h6 29. Rxd6 Qa1+ 30. Bf1 Ra8 31. Rd8+ Rxd8 32. Qxd8+ Kh7 33. Qd3+ Kg8 34. a4 1-0

[Event "Kimry Spring op"]
[Site "Kimry"]
[Date "2011.05.02"]
[Round "8"]
[White "Patsyk, Aleksandr"]
[Black "Kuryshkin, Anatoliy"]
[Result "0-1"]
[WhiteElo "2186"]
[BlackElo "2008"]
[PlyCount "78"]
[EventDate "2011.04.29"]
[EventType "swiss"]
[EventRounds "8"]
[EventCountry "RUS"]
[SourceTitle "CBM 142 Extra"]
[Source "ChessBase"]
[SourceDate "2011.06.27"]
[SourceVersion "1"]
[SourceVersionDate "2011.06.27"]
[SourceQuality "1"]

1. Nf3 d5 2. d4 c6 3. g3 Bg4 4. Bg2 Nd7 5. 0-0 Ngf6 6. b3 e6 7. c4 dxc4 8. bxc4 Nb6 9. Ne5 Bf5 10. Nc3 Bb4 11. Bb2 0-0 12. f3 Nfd7 13. Qb3 Nxe5 14. dxe5 Qd4+ 15. Kh1 Qxc4 16. e4 Bg6 17. Rfd1 Rfd8 18. Bf1 Qxb3 19. axb3 Nd7 20. Ne2 a6 21. Nd4 Be7 22. Bxa6 c5 23. Bxb7 Rxa1 24. Rxa1 cxd4 25. Bxd4 Nc5 26. Bxc5 Bxc5 27. Kg2 Rb8 28. Ra5 Rxb7 29. Rxc5 Kf8 30. g4 h5 31. Kg3 Rxb3 32. Kf4 h4 33. Rc8+ Ke7 34. Rh8 f6 35. exf6+ gxf6 36. Rxh4 e5+ 37. Kg3 Bxe4 38. g5 Rxf3+ 39. Kg2 Rf4+ 0-1

[Event "Kimry Spring op"]
[Site "Kimry"]
[Date "2011.04.29"]
[Round "1"]
[White "Patsyk, Aleksandr"]
[Black "Atamyradova, Zheren"]
[Result "1-0"]
[WhiteElo "2186"]
[BlackElo "1565"]
[PlyCount "81"]
[EventDate "2011.04.29"]
[EventType "swiss"]
[EventRounds "8"]
[EventCountry "RUS"]
[SourceTitle "CBM 142 Extra"]
[Source "ChessBase"]
[SourceDate "2011.06.27"]
[SourceVersion "1"]
[SourceVersionDate "2011.06.27"]
[SourceQuality "1"]

1. Nf3 d5 2. d4 Nf6 3. c4 e6 4. g3 Bb4+ 5. Bd2 Bxd2+ 6. Nbxd2 Nc6 7. Bg2 0-0 8. 0-0 b6 9. cxd5 exd5 10. Rc1 Bb7 11. Qa4 Qd6 12. a3 Rfe8 13. e3 h6 14. Rc2 a6 15. b4 b5 16. Qb3 Rac8 17. Rfc1 Qd7 18. Rc5 Ne7 19. Ne5 Qd6 20. Bh3 Rb8 21. Rxc7 Bc8 22. Bg2 Rb7 23. R7c5 Bd7 24. Nxd7 Qxd7 25. Nf3 Ne4 26. R5c2 Ng6 27. Nd2 Rbb8 28. Nxe4 dxe4 29. Rc7 Qf5 30. R1c5 Qe6 31. Qc2 Rbd8 32. R5c6 Qd5 33. Rxa6 Rb8 34. Raa7 Nh8 35. Rc5 Qe6 36. Re5 Qc4 37. Qxc4 bxc4 38. Rxe8+ Rxe8 39. Rc7 Ra8 40. Rxc4 Rxa3 41. Bxe4 1-0

[Event "Kimry op Jan"]
[Site "Kimry"]
[Date "2011.01.06"]
[Round "8"]
[White "Patsyk, Aleksandr"]
[Black "Mikhailov, Ivan"]
[Result "0-1"]
[WhiteElo "2228"]
[BlackElo "1968"]
[PlyCount "57"]
[EventDate "2011.01.02"]
[EventType "swiss"]
[EventRounds "9"]
[EventCountry "RUS"]
[SourceTitle "CBM 140 Extra"]
[Source "ChessBase"]
[SourceDate "2011.03.01"]
[SourceVersion "1"]
[SourceVersionDate "2011.03.01"]
[SourceQuality "1"]

1. e4 c5 2. Nc3 Nc6 3. g3 g6 4. Bg2 Bg7 5. Nge2 d6 6. 0-0 e6 7. d3 Nge7 8. f4 0-0 9. Be3 Nd4 10. Qd2 Rb8 11. Nd1 Nxe2+ 12. Qxe2 b5 13. c3 b4 14. d4 bxc3 15. bxc3 cxd4 16. cxd4 Qa5 17. e5 Ba6 18. Qe1 Qa3 19. Rf2 Rfc8 20. Rd2 d5 21. Bf1 Nc6 22. Rc2 Nb4 23. Rxc8+ Rxc8 24. Bxa6 Nc2 25. Qe2 Rc6 26. Rc1 Nxd4 27. Rxc6 Nxe2+ 28. Kf2 d4 29. Bc1 0-1

[Event "Kimry op Jan"]
[Site "Kimry"]
[Date "2011.01.03"]
[Round "3"]
[White "Prizant, Jaroslav"]
[Black "Patsyk, Aleksandr"]
[Result "1-0"]
[WhiteElo "2504"]
[BlackElo "2228"]
[PlyCount "37"]
[EventDate "2011.01.02"]
[EventType "swiss"]
[EventRounds "9"]
[EventCountry "RUS"]
[SourceTitle "CBM 140 Extra"]
[Source "ChessBase"]
[SourceDate "2011.03.01"]
[SourceVersion "1"]
[SourceVersionDate "2011.03.01"]
[SourceQuality "1"]

1. d4 d5 2. c4 e6 3. Nf3 Nf6 4. g3 c5 5. cxd5 Nxd5 6. Bg2 Nc6 7. 0-0 Qb6 8. e4 Nf6 9. d5 exd5 10. exd5 Nd4 11. Re1+ Be7 12. Nxd4 cxd4 13. Na3 Kf8 14. Nc4 Qb4 15. b3 Qb5 16. a4 Qd7 17. Qxd4 Qf5 18. Ra2 Bb4 19. Ne3 1-0

[Event "Kimry op Jan"]
[Site "Kimry"]
[Date "2011.01.02"]
[Round "1"]
[White "Krylov, Vladimir"]
[Black "Patsyk, Aleksandr"]
[Result "0-1"]
[WhiteElo "1935"]
[BlackElo "2228"]
[PlyCount "80"]
[EventDate "2011.01.02"]
[EventType "swiss"]
[EventRounds "9"]
[EventCountry "RUS"]
[SourceTitle "CBM 140 Extra"]
[Source "ChessBase"]
[SourceDate "2011.03.01"]
[SourceVersion "1"]
[SourceVersionDate "2011.03.01"]
[SourceQuality "1"]

1. e4 c5 2. Nc3 Nc6 3. g3 g6 4. Bg2 Bg7 5. Nge2 e6 6. 0-0 Nge7 7. d3 0-0 8. f4 d6 9. g4 f5 10. gxf5 exf5 11. Ng3 Be6 12. Nce2 Rc8 13. c3 d5 14. e5 d4 15. c4 Qc7 16. Kh1 Nd8 17. Ng1 Bd7 18. Nf3 Ne6 19. Rg1 Bc6 20. h4 h5 21. Qf1 Bh6 22. Ne2 Kh7 23. Bd2 Rb8 24. Rc1 b5 25. cxb5 Rxb5 26. Rc2 Qb7 27. Bc1 Nd5 28. Nfxd4 cxd4 29. Qf3 Rd8 30. Kh2 Rb6 31. Qg3 Qf7 32. Bf3 Nb4 33. Rc4 Bxf3 34. Qxf3 Qd7 35. Bd2 Nd5 36. Ba5 Rxb2 37. Bxd8 Qxd8 38. Rg2 Qxh4+ 39. Kg1 Nexf4 40. Qg3 Nxg2 0-1

[Event "Kimry op 52nd"]
[Site "Kimry"]
[Date "2010.06.13"]
[Round "7"]
[White "Patsyk, Aleksandr"]
[Black "Bivol, Alina"]
[Result "1-0"]
[WhiteElo "2235"]
[BlackElo "2179"]
[PlyCount "55"]
[EventDate "2010.06.10"]
[EventType "swiss"]
[EventRounds "7"]
[EventCountry "RUS"]
[SourceTitle "CBM 136 Extra"]
[Source "ChessBase"]
[SourceDate "2010.07.02"]
[SourceVersion "2"]
[SourceVersionDate "2010.07.15"]
[SourceQuality "1"]

1. Nf3 d5 2. g3 Nf6 3. Bg2 g6 4. 0-0 Bg7 5. d4 0-0 6. Bf4 b6 7. Qc1 Re8 8. c4 Bb7 9. cxd5 Nxd5 10. Bh6 Nf6 11. Bxg7 Kxg7 12. Nc3 Nbd7 13. Rd1 Rc8 14. Qf4 e6 15. Rac1 Qe7 16. e4 c5 17. d5 e5 18. Qh4 Ng8 19. Qxe7 Nxe7 20. Nb5 Red8 21. Bh3 a5 22. Nd6 Rc7 23. Ng5 Nf8 24. Ndxf7 Rcd7 25. Nxe5 Rd6 26. Nc4 Rf6 27. f4 Bc8 28. e5 1-0

[Event "Kimry op 52nd"]
[Site "Kimry"]
[Date "2010.06.12"]
[Round "6"]
[White "Prizant, Jaroslav"]
[Black "Patsyk, Aleksandr"]
[Result "1-0"]
[WhiteElo "2480"]
[BlackElo "2235"]
[PlyCount "53"]
[EventDate "2010.06.10"]
[EventType "swiss"]
[EventRounds "7"]
[EventCountry "RUS"]
[SourceTitle "CBM 136 Extra"]
[Source "ChessBase"]
[SourceDate "2010.07.02"]
[SourceVersion "2"]
[SourceVersionDate "2010.07.15"]
[SourceQuality "1"]

1. d4 d5 2. c4 c6 3. Nf3 e6 4. Nc3 f5 5. Bf4 Nf6 6. e3 Be7 7. Bd3 0-0 8. Qc2 g6 9. a3 a5 10. h3 Nbd7 11. g4 Ne4 12. gxf5 gxf5 13. 0-0-0 Kh8 14. h4 Ndf6 15. Ne5 Nh5 16. Bh6 Rf6 17. Rhg1 Qe8 18. Bg5 Rf8 19. f3 Nxc3 20. Qxc3 b5 21. Bxe7 Qxe7 22. Nxc6 Qd6 23. cxb5 Bd7 24. Kb1 Rfc8 25. Rc1 Qg3 26. Qe1 Qxf3 27. Ne5 1-0

[Event "Kimry-ch"]
[Site "Kimry"]
[Date "2010.01.05"]
[Round "7"]
[White "Patsyk, Aleksandr"]
[Black "Kolmakov, Pavel"]
[Result "0-1"]
[WhiteElo "2261"]
[BlackElo "2185"]
[PlyCount "70"]
[EventDate "2010.01.02"]
[EventType "swiss"]
[EventRounds "9"]
[EventCountry "RUS"]
[SourceTitle "CBM 134 Extra"]
[Source "ChessBase"]
[SourceDate "2010.03.03"]
[SourceVersion "1"]
[SourceVersionDate "2010.03.03"]
[SourceQuality "1"]

1. Nf3 e6 2. c4 d5 3. d4 Nf6 4. e3 c6 5. Nc3 Nbd7 6. Qc2 Bd6 7. b3 0-0 8. Bd3 dxc4 9. bxc4 c5 10. 0-0 cxd4 11. exd4 e5 12. Bg5 h6 13. Bh4 exd4 14. Nb5 Ne5 15. Nbxd4 Nxf3+ 16. Nxf3 Bg4 17. Be4 g5 18. Bg3 Bxg3 19. hxg3 Nxe4 20. Qxe4 Bxf3 21. gxf3 Qc7 22. Rfe1 Rac8 23. Rac1 Qc6 24. Qxc6 Rxc6 25. Re7 Rb6 26. c5 Rb2 27. c6 bxc6 28. Rxa7 Rd8 29. Rxc6 Rd1+ 30. Kg2 Rdd2 31. Kh3 Rxf2 32. Kg4 Rb4+ 33. Kh3 g4+ 34. fxg4 Rbb2 35. g5 h5 0-1

[Event "Kimry Summer op 45th"]
[Site "Kimry"]
[Date "2009.06.13"]
[Round "6"]
[White "Patsyk, Aleksandr"]
[Black "Bivol, Alina"]
[Result "1/2-1/2"]
[WhiteElo "2274"]
[BlackElo "1939"]
[PlyCount "74"]
[EventDate "2009.06.11"]
[EventType "swiss"]
[EventRounds "8"]
[EventCountry "RUS"]
[SourceTitle "EXT 2022"]
[Source "ChessBase"]
[SourceDate "2021.10.06"]
[SourceVersion "1"]
[SourceVersionDate "2021.10.06"]
[SourceQuality "1"]

1. Nf3 d5 2. d4 Nc6 3. e3 Bg4 4. Be2 Nf6 5. 0-0 e6 6. b3 Be7 7. Bb2 0-0 8. Nbd2 Re8 9. c4 Ne4 10. Nxe4 dxe4 11. Nd2 Bxe2 12. Qxe2 f5 13. f3 exf3 14. Nxf3 Bf6 15. Rad1 Qe7 16. e4 g6 17. e5 Bg7 18. Rfe1 Rad8 19. d5 exd5 20. cxd5 Qc5+ 21. Qe3 Rxd5 22. Rxd5 Qxd5 23. h3 a6 24. Kh2 Nb4 25. Re2 Qd3 26. Qf2 Qb5 27. Qe3 Nd3 28. Bc3 Nf4 29. Re1 Nd5 30. Qd2 Nxc3 31. Qxc3 c6 32. Qe3 Re6 33. g3 Qd5 34. Re2 Bh6 35. Qxh6 Qxf3 36. Rd2 Re8 37. Rd7 Qf2+ 1/2-1/2

[Event "Kimry Summer op 45th"]
[Site "Kimry"]
[Date "2009.06.11"]
[Round "1"]
[White "Danilov, Alexander"]
[Black "Patsyk, Aleksandr"]
[Result "0-1"]
[WhiteElo "1953"]
[BlackElo "2274"]
[PlyCount "60"]
[EventDate "2009.06.11"]
[EventType "swiss"]
[EventRounds "8"]
[EventCountry "RUS"]
[SourceTitle "EXT 2022"]
[Source "ChessBase"]
[SourceDate "2021.10.06"]
[SourceVersion "1"]
[SourceVersionDate "2021.10.06"]
[SourceQuality "1"]

1. e4 c5 2. Nf3 e6 3. d4 cxd4 4. Nxd4 Nc6 5. Nc3 Bb4 6. Nxc6 bxc6 7. Qd4 Bxc3+ 8. Qxc3 Nf6 9. Bd3 h6 10. Bf4 d5 11. 0-0-0 0-0 12. Qxc6 Bd7 13. Qb7 Qb6 14. Qxb6 axb6 15. a3 Ra4 16. Bd6 Rc8 17. b3 Nxe4 18. Bb4 Rxb4 19. axb4 Nxf2 20. Rhe1 Nxd1 21. Kxd1 f6 22. Kd2 e5 23. Bg6 Ra8 24. Re3 d4 25. Re1 Kf8 26. Kd3 Ke7 27. h3 Kd6 28. Bf7 Bf5+ 29. Kd2 Ra2 30. Rc1 d3 0-1

[Event "Kimry-ch"]
[Site "Kimry"]
[Date "2009.01.05"]
[Round "7"]
[White "Patsyk, Aleksandr"]
[Black "Mikhailov, Ivan"]
[Result "1-0"]
[WhiteElo "2231"]
[BlackElo "1908"]
[PlyCount "81"]
[EventDate "2009.01.02"]
[EventType "swiss"]
[EventRounds "9"]
[EventCountry "RUS"]
[SourceTitle "EXT 2010"]
[Source "ChessBase"]
[SourceDate "2010.11.25"]
[SourceVersion "1"]
[SourceVersionDate "2010.11.25"]
[SourceQuality "1"]

1. Nf3 Nf6 2. c4 g6 3. d4 Bg7 4. Nc3 d6 5. e4 0-0 6. Be2 e5 7. 0-0 Nc6 8. d5 Ne7 9. b4 Nd7 10. Nd2 f5 11. f3 f4 12. Ba3 a5 13. bxa5 Rxa5 14. Bb4 Ra8 15. a4 g5 16. a5 Rf6 17. Nb3 Rh6 18. c5 dxc5 19. Nxc5 Nxc5 20. Bxc5 Ng6 21. d6 c6 22. Bb6 Qd7 23. Rf2 Nh4 24. Bc7 Bf8 25. Bc4+ Kh8 26. Rd2 Nxg2 27. Rxg2 Bxd6 28. Bxd6 Rxd6 29. Qe1 Rh6 30. Rd1 Qe7 31. Na4 Bh3 32. Rb2 Qa3 33. Bb3 b5 34. Qc3 Qe7 35. Nc5 g4 36. Nd7 Re8 37. fxg4 Qg5 38. Nxe5 Rxe5 39. Rd8+ Qxd8 40. Qxe5+ Qf6 41. Qe8+ 1-0

[Event "Kimry-ch"]
[Site "Kimry"]
[Date "2009.01.05"]
[Round "6"]
[White "Pospelov, Sergey Lvovich"]
[Black "Patsyk, Aleksandr"]
[Result "1-0"]
[WhiteElo "2013"]
[BlackElo "2231"]
[PlyCount "39"]
[EventDate "2009.01.02"]
[EventType "swiss"]
[EventRounds "9"]
[EventCountry "RUS"]
[SourceTitle "EXT 2010"]
[Source "ChessBase"]
[SourceDate "2010.11.25"]
[SourceVersion "1"]
[SourceVersionDate "2010.11.25"]
[SourceQuality "1"]

1. e4 c5 2. Nc3 Nc6 3. Bb5 g6 4. Bxc6 dxc6 5. f4 Bg7 6. Nf3 Nf6 7. 0-0 0-0 8. d3 b6 9. h3 Qc7 10. Qe1 Bd7 11. Qh4 Rae8 12. Ne2 c4 13. f5 cxd3 14. cxd3 c5 15. Bh6 Bb5 16. Nf4 Rd8 17. Bxg7 Kxg7 18. e5 Ng8 19. fxg6 hxg6 20. Ng5 1-0

[Event "Dubna IM"]
[Site "Dubna"]
[Date "2007.08.03"]
[Round "3"]
[White "Severiukhina, Zoja"]
[Black "Patsyk, Aleksandr"]
[Result "1-0"]
[WhiteElo "2267"]
[BlackElo "2184"]
[PlyCount "69"]
[EventDate "2007.08.02"]
[EventType "tourn"]
[EventRounds "17"]
[EventCountry "RUS"]
[SourceTitle "CBM 119 Extra"]
[Source "ChessBase"]
[SourceDate "2007.09.04"]
[SourceVersion "1"]
[SourceVersionDate "2007.09.04"]
[SourceQuality "1"]

1. e4 e5 2. Nf3 d6 3. d4 exd4 4. Nxd4 Nf6 5. Nc3 Be7 6. Bc4 0-0 7. 0-0 c6 8. a4 Nbd7 9. Kh1 Nc5 10. f3 a5 11. Be3 g6 12. Qd2 Ne6 13. Nde2 Qc7 14. Rad1 b6 15. Nd4 Nxd4 16. Qxd4 Rb8 17. Bf4 Rd8 18. Qe3 Nh5 19. Bh6 Bf6 20. Bg5 Qe7 21. Bxf6 Nxf6 22. Rfe1 Be6 23. Bxe6 Qxe6 24. Ne2 Qc4 25. Qg5 Kg7 26. Nd4 Ne8 27. Qe7 Kg8 28. b3 Qc3 29. f4 Rbc8 30. f5 c5 31. fxg6 hxg6 32. Rf1 cxd4 33. Qxf7+ Kh8 34. Qf8+ Kh7 35. Rf7+ 1-0

[Event "Kimry-ch"]
[Site "Kimry"]
[Date "2005.01.??"]
[Round "3"]
[White "Patsyk, Aleksandr"]
[Black "Gorshkov, Yuri"]
[Result "0-1"]
[WhiteElo "2224"]
[BlackElo "2383"]
[PlyCount "80"]
[EventDate "2005.01.??"]
[EventType "swiss"]
[EventRounds "9"]
[EventCountry "RUS"]
[SourceTitle "EXT 2006"]
[Source "ChessBase"]
[SourceDate "2005.11.24"]
[SourceVersion "1"]
[SourceVersionDate "2005.11.24"]
[SourceQuality "1"]

1. Nf3 Nf6 2. d4 g6 3. c4 Bg7 4. Nc3 0-0 5. e4 d6 6. Be2 e5 7. dxe5 dxe5 8. Qxd8 Rxd8 9. Bg5 Re8 10. h3 Na6 11. Be3 Bf8 12. Nd2 c6 13. Nb3 b6 14. 0-0 Bb4 15. f3 Bxc3 16. bxc3 c5 17. Rfd1 Nc7 18. Rd6 Re6 19. Rd8+ Kg7 20. Rad1 Bb7 21. R8d2 Bc6 22. g4 Nfe8 23. g5 Re7 24. h4 Ne6 25. Bf1 Rc8 26. Bh3 Rcc7 27. Nc1 Bd7 28. Bf2 Ba4 29. Nb3 Nf4 30. Bg4 h5 31. gxh6+ Kxh6 32. Be3 Nf6 33. Bxf4+ exf4 34. Bh3 Nd7 35. Rd6 Ne5 36. Kf2 Nxc4 37. Rf6 Ne5 38. Rxf4 c4 39. Rd4 cxb3 40. Rxa4 b2 0-1